| 000 | 00576cam a2200193 a 4500 | ||
|---|---|---|---|
| 001 | 000009215 | ||
| 003 | OSt | ||
| 005 | 20240305082409.0 | ||
| 008 | 800321s1965 sp 000 f spa d | ||
| 040 |
_aDO-SdBNP _bspa _cBNPHU |
||
| 050 | 0 | 0 |
_aC863.6 _bO83c |
| 100 | 1 |
_aOsorio Lizarazo, J. A., _q (José Antonio) _d1900-1964 _922545 |
|
| 245 | 1 | 3 |
_aEl camino en la sombra : _bnovela / _cJ. A. Osorio Lizarazo. |
| 260 |
_aMadrid : _bAguilar, _c1965. |
||
| 300 |
_a335 p. ; _c21 cm. |
||
| 650 | 4 |
_aNovela colombiana _91243 |
|
| 650 | 4 |
_aLiteratura colombiana _91244 |
|
| 942 |
_2ddc _cLBS1 |
||
| 999 |
_c8978 _d8978 |
||